| 000 | 01015nam a22003017a 4500 | ||
|---|---|---|---|
| 001 | 001150 | ||
| 003 | DO-SdBNP | ||
| 005 | 20171120090408.0 | ||
| 007 | 001150 | ||
| 008 | 160817b 2011 mx||||| |||| 00| 0 spa d | ||
| 020 | _a9786071109750 | ||
| 040 |
_aBPMSU _bspa _cBPMSU |
||
| 082 | 4 |
_a813.6 _bB587c |
|
| 100 | _aBlakley-Cartwright, Sarah | ||
| 240 | 1 |
_aRed riding hood _lespañol |
|
| 245 | 1 | 3 |
_aLa chica de la capa roja : _b¿quién tiene miedo ? / _cSarah Blakley-Cartwright, David Leslie Johnson ; introducción Catherine Hardwiche; traducción Julio Hermoso Oliveras |
| 260 |
_aMéxico : _bAlfaguara, _c2011. |
||
| 300 |
_a341 p. : _c22 cm. _bil. |
||
| 534 | _aTítulo original en inglés: Red riding hood | ||
| 650 | 4 | _aNOVELA ESTADOUNIDENSE | |
| 650 | 4 | _aLITERATURA ESTADOUNIDENSE | |
| 700 | 1 | _aJohnson, David Leslie | |
| 700 | 1 | _aHardwiche, Catherine | |
| 700 | 1 |
_aHermoso Oliveras, Julio, _etr. |
|
| 942 |
_2ddc _cBK |
||
| 945 | _aInventariado, 2017/MFF | ||
| 956 |
_aBTAVÁREZ _b10 _c20161708 _d001150 |
||
| 999 |
_c11167 _d11167 |
||